[Event "AUTO-INT-1367"]
[Site "http://www.queenalice.com/game.php?id=614955"]
[Date "2009.7.8"]
[Round "1"]
[White "cafa83"]
[Black "reniflex"]
[Result "1-0"]
[WhiteElo "1528"]
[BlackElo "1366"]

1. e4 e5 2. Nc3 c5 3. Bc4 Nf6 4. Qf3 Qa5 5. Nd5 Qa4 6. b3 Qc6 7. d3 b5 8. Nxf6+
gxf6 9. Bd5 Qa6 10. Bxa8 Bb7 11. Bxb7 c4 12. Bxa6 Bg7 13. Bxb5 h5 14. Bxc4 Nc6
15. Bh6 Rxh6 16. Qg3 Kf8 17. f4 h4 18. Qg4 d6 19. Qd7 Nb8 20. Qxd6+ Kg8 21.
Qxb8+ Kh7 22. Qxa7 Rg6 23. g3 hxg3 24. hxg3+ Bh6 25. Bxf7 Rxg3 26. Be6+ Kh8 27.
Rxh6# 1-0

[Event "AUTO-INT-1367"]
[Site "http://www.queenalice.com/game.php?id=614956"]
[Date "2009.7.8"]
[Round "1"]
[White "reniflex"]
[Black "cafa83"]
[Result "0-1"]
[WhiteElo "1354"]
[BlackElo "1554"]

1. e4 e5 2. Nf3 d6 3. c3 c5 4. b4 Nf6 5. Bb5+ Bd7 6. Na3 a6 7. Bd3 g6 8. bxc5
dxc5 9. Nc4 Bh6 10. Nfxe5 Nc6 11. g4 Bf4 12. Nf3 Bxg4 13. Bf1 Nxe4 14. d3 Nxc3
15. Qc2 Bxf3 16. Bxf4 Bxh1 17. Qxc3 Kd7 18. Bh3+ f5 19. Ne5+ Nxe5 20. Bxe5 Re8
21. Kd2 Qg5+ 22. Kc2 Bd5 23. Qxc5 Rac8 24. Qxc8+ Rxc8+ 25. Bc3 b5 26. Rb1 Qh4
27. Rf1 Qxh3 28. Re1 Qxh2 29. Re2 Bxa2 30. Kb2 Bd5 31. d4 Qh3 32. Re5 Qxc3+ 33.
Kb1 Qc1# 0-1

[Event "AUTO-INT-1373"]
[Site "http://www.queenalice.com/game.php?id=617002"]
[Date "2009.7.11"]
[Round "1"]
[White "cafa83"]
[Black "vult0"]
[Result "1/2-1/2"]
[WhiteElo "1536"]
[BlackElo "1694"]

1. d4 d5 2. f4 Bf5 3. Nf3 Nc6 4. e3 g6 5. Bd3 Bg4 6. O-O Nf6 7. h3 Be6 8. Bb5
Bd7 9. Nc3 Bg7 10. Bxc6 Bxc6 11. b3 O-O 12. Ba3 Re8 13. Ne5 e6 14. Nxc6 bxc6 15.
g4 a5 16. b4 Ne4 17. Nxe4 dxe4 18. f5 exf5 19. gxf5 Qg5+ 20. Kh1 axb4 21. Bxb4
Qxe3 22. Qg4 Qxd4 23. a3 Qd5 24. Kg1 Bxa1 25. fxg6 fxg6 26. Rxa1 Qd4+ 27. Kg2
Qxa1 28. Qd7 e3 29. Qxc6 e2 30. Qc4+ Kg7 31. Bc3+ Qxc3 32. Qxc3+ Kh6 33. Qd2+
Kg7 34. Qd4+ 1/2-1/2

[Event "AUTO-INT-1373"]
[Site "http://www.queenalice.com/game.php?id=617003"]
[Date "2009.7.11"]
[Round "1"]
[White "vult0"]
[Black "cafa83"]
[Result "0-1"]
[WhiteElo "1706"]
[BlackElo "1562"]

1. e4 e5 2. Nf3 d6 3. d3 f6 4. Nc3 Bg4 5. Be2 h5 6. h3 Bxf3 7. Bxf3 g6 8. Be3 c5
9. Nd5 Ne7 10. Nxf6+ Kf7 11. Bg5 Bh6 12. Bxh6 Rxh6 13. Nd5 Nxd5 14. exd5 b5 15.
Be4 Nd7 16. Qf3+ Kg7 17. O-O-O Rc8 18. g4 Qg5+ 19. Kb1 Rf8 20. Qg2 hxg4 21. hxg4
Rxh1 22. Rxh1 c4 23. f3 cxd3 24. Bxd3 a6 25. c3 Nc5 26. Bc2 e4 27. fxe4 Rf4 28.
Rg1 Kf7 29. b4 Nd7 30. Bd1 Nf6 31. Bc2 Rxg4 32. Qxg4 Nxg4 33. Bd1 Qd2 34. Bxg4
Qxc3 35. Be6+ Kf6 36. Rf1+ Ke5 37. Rg1 Qd3+ 38. Kb2 Qxe4 39. a3 Qd4+ 0-1

[Event "AUTO-INT-1373"]
[Site "http://www.queenalice.com/game.php?id=617004"]
[Date "2009.7.11"]
[Round "1"]
[White "cafa83"]
[Black "rcalheiros"]
[Result "0-1"]
[WhiteElo "1528"]
[BlackElo "1654"]

1. d4 d5 2. Nc3 f5 3. g3 Nc6 4. e3 e6 5. a3 g6 6. b4 a6 7. Bg2 Bh6 8. f4 Nge7 9.
Nge2 b5 10. O-O Bb7 11. Bb2 O-O 12. Qd3 g5 13. fxg5 Bxg5 14. h4 Bf6 15. Nf4 Nc8
16. Nxe6 Nxb4 17. Nxd8 Nxd3 18. Nxb7 Nxb2 19. Bxd5+ Kg7 20. Rxf5 Ne7 21. Rh5
Nxd5 22. Rxd5 Rae8 23. Re1 Bxd4 24. Rxd4 Rf3 25. Rd7+ Kg6 26. Rxc7 Rxg3+ 27. Kf2
Rh3 28. Rc6+ Kh5 29. Rc5+ Kxh4 0-1

[Event "AUTO-INT-1373"]
[Site "http://www.queenalice.com/game.php?id=617005"]
[Date "2009.7.11"]
[Round "1"]
[White "rcalheiros"]
[Black "cafa83"]
[Result "1-0"]
[WhiteElo "1641"]
[BlackElo "1528"]

1. e4 e5 2. d3 Bc5 3. Nf3 Nf6 4. c4 O-O 5. g3 d6 6. Bg5 h6 7. Bxf6 Qxf6 8. Bh3
b6 9. Bg2 Bg4 10. Nc3 Nc6 11. Nd5 Qd8 12. O-O Nd4 13. h3 Bxf3 14. Bxf3 Nxf3+ 15.
Qxf3 c6 16. Nc3 Bb4 17. Ne2 c5 18. a3 Bd2 19. Rfd1 Bg5 20. h4 Be7 21. Nc3 Qd7
22. Nd5 Rfe8 23. Nxe7+ Qxe7 24. b4 cxb4 25. axb4 d5 26. exd5 Qxb4 27. Rab1 Qc3
28. Rbc1 Qd4 29. Qf5 g6 30. Qf6 1-0

[Event "AUTO-INT-1373"]
[Site "http://www.queenalice.com/game.php?id=617006"]
[Date "2009.7.11"]
[Round "1"]
[White "cafa83"]
[Black "andre_ramos"]
[Result "0-1"]
[WhiteElo "1536"]
[BlackElo "1740"]

1. d4 Nf6 2. Nf3 d5 3. c3 Bg4 4. e3 Nbd7 5. Be2 c6 6. h3 Bh5 7. O-O Ne4 8. Ne5
Bxe2 9. Qxe2 Nxe5 10. dxe5 Qc7 11. f4 f5 12. Nd2 Ng3 13. Qf3 Nxf1 14. Nxf1 e6
15. Ng3 Bc5 16. Qh5+ g6 17. Qe2 O-O 18. b4 Be7 19. a4 c5 20. bxc5 Bxc5 21. Ba3
Rac8 22. Bxc5 Qxc5 23. Rc1 Qc4 24. Qb2 Rc7 25. Ne2 Rfc8 26. a5 Rc5 27. Ra1 Rb5
28. Qa3 Qxe2 29. Qc1 Rb2 30. Qf1 Qxe3+ 31. Kh2 Rxc3 32. Re1 Qxh3+ 33. Kg1 Qg3
34. Kh1 Rcc2 35. a6 Rxg2 36. Qg1 Rxg1+ 37. Rxg1 Qh4# 0-1

[Event "AUTO-INT-1373"]
[Site "http://www.queenalice.com/game.php?id=617007"]
[Date "2009.7.11"]
[Round "1"]
[White "andre_ramos"]
[Black "cafa83"]
[Result "1-0"]
[WhiteElo "1689"]
[BlackElo "1548"]

1. e4 e5 2. Nf3 d6 3. d4 f6 4. dxe5 fxe5 5. Bc4 Nf6 6. Ng5 Nc6 7. Nf7 Bg4 8. f3
Qe7 9. Nxh8 Be6 10. Bxe6 Qxe6 11. O-O O-O-O 12. Nc3 Be7 13. Be3 Rxh8 14. Nd5 Nh5
15. Qd3 Nf4 16. Bxf4 exf4 17. Nxf4 Qf6 18. Nd5 Qe5 19. c3 a5 20. Nxe7+ Nxe7 21.
b4 Nc6 22. bxa5 Nxa5 23. Rab1 c6 24. Rfd1 Rd8 25. Qd4 Qe6 26. Qb6 Nc4 27. Qxb7#
1-0

[Event "AUTO-OPEN-1649"]
[Site "http://www.queenalice.com/game.php?id=631953"]
[Date "2009.8.7"]
[Round "1"]
[White "richerby"]
[Black "cafa83"]
[Result "1-0"]
[WhiteElo "2067"]
[BlackElo "1551"]

1. d4 e6 2. c4 f6 3. e4 c6 4. Nf3 b5 5. Nc3 bxc4 6. Bxc4 Bb4 7. O-O Bxc3 8. bxc3
d5 9. Bd3 Ne7 10. Ba3 O-O 11. Qc2 1-0

[Event "AUTO-OPEN-1649"]
[Site "http://www.queenalice.com/game.php?id=631975"]
[Date "2009.8.7"]
[Round "1"]
[White "cafa83"]
[Black "devagar"]
[Result "0-1"]
[WhiteElo "1572"]
[BlackElo "1702"]

1. e4 c5 2. c3 Nc6 3. Bc4 e6 4. Nf3 d5 5. exd5 exd5 6. Bb5 Nf6 7. Bxc6+ bxc6 8.
O-O Be7 9. d3 O-O 10. Ne5 Bb7 11. Bg5 Nd7 12. Bxe7 Qxe7 13. Nxd7 Qxd7 14. Nd2
Rfe8 15. Nb3 Qd6 16. Qf3 c4 0-1

[Event "AUTO-OPEN-1649"]
[Site "http://www.queenalice.com/game.php?id=631976"]
[Date "2009.8.7"]
[Round "1"]
[White "devagar"]
[Black "cafa83"]
[Result "1-0"]
[WhiteElo "1713"]
[BlackElo "1561"]

1. e4 d6 2. d4 e6 3. Nf3 Nf6 4. Nc3 d5 5. e5 Ng4 6. h3 Nh6 7. Bxh6 gxh6 8. Bd3
Bb4 9. Qd2 Bd7 10. Qxh6 Bxc3+ 11. bxc3 c5 12. Qg7 Rf8 13. O-O Qa5 14. Qxh7 cxd4
15. cxd4 Bb5 16. Bxb5+ Qxb5 17. Rfb1 1-0

[Event "AUTO-OPEN-1649"]
[Site "http://www.queenalice.com/game.php?id=631977"]
[Date "2009.8.7"]
[Round "1"]
[White "cafa83"]
[Black "eduxarapov"]
[Result "0-1"]
[WhiteElo "1549"]
[BlackElo "1433"]

1. e4 e5 2. Nf3 Nc6 3. c4 Bc5 4. d3 Nf6 5. Bg5 O-O 6. Bxf6 Qxf6 7. Nc3 g5 8. Nd5
Qh6 9. g4 d6 10. h3 Bxg4 11. Nxc7 Bxf3 12. Qxf3 Nd4 13. Qg4 Nc2+ 14. Kd1 Qh4 15.
Kxc2 Qxf2+ 16. Be2 Rac8 17. Rhg1 h6 0-1

[Event "AUTO-OPEN-1649"]
[Site "http://www.queenalice.com/game.php?id=631978"]
[Date "2009.8.7"]
[Round "1"]
[White "eduxarapov"]
[Black "cafa83"]
[Result "1-0"]
[WhiteElo "1387"]
[BlackElo "1584"]

1. e3 e5 2. Nf3 Nc6 3. Bc4 Nh6 4. O-O e4 5. d4 Bd6 6. Nc3 O-O 7. Nxe4 Re8 8.
Nfg5 Rxe4 9. Qf3 Qxg5 10. Qxe4 g6 11. Qe8+ Kg7 12. e4 Qh5 13. Bxh6+ Qxh6 14.
Qxf7+ Kh8 15. Qg8# 1-0

[Event "AUTO-INT-1405"]
[Site "http://www.queenalice.com/game.php?id=632149"]
[Date "2009.8.7"]
[Round "1"]
[White "cafa83"]
[Black "pablin"]
[Result "1-0"]
[WhiteElo "1544"]
[BlackElo "1503"]

1. e4 e5 2. Nf3 Nf6 3. c3 Nxe4 4. Nxe5 Qe7 5. d4 Qf6 6. f3 Nd6 7. Bg5 Qxg5 8.
Nd2 Be7 9. Qa4 O-O 10. O-O-O Nf5 11. Re1 d6 12. Ng4 Nc6 13. Kd1 Nh6 14. Ne4 Qh4
15. g3 Qh5 16. h4 Nxg4 17. Nf2 Nxf2+ 18. Ke2 Nxh1 19. Kd2 1-0

[Event "AUTO-INT-1405"]
[Site "http://www.queenalice.com/game.php?id=632150"]
[Date "2009.8.7"]
[Round "1"]
[White "pablin"]
[Black "cafa83"]
[Result "0-1"]
[WhiteElo "1519"]
[BlackElo "1528"]

1. d4 e6 2. c4 c6 3. Nf3 b6 4. Bg5 f6 5. Bf4 Bb4+ 6. Nc3 Bxc3+ 7. bxc3 d6 8. e4
e5 9. dxe5 fxe5 10. Bg5 Ne7 11. Bd3 h6 12. Be3 O-O 13. O-O Ng6 14. Re1 Bg4 15.
h3 Bxf3 16. gxf3 Nh4 17. f4 exf4 18. Bd4 g6 19. Qc2 Nf3+ 20. Kf1 Qg5 21. e5 Nh2+
22. Ke2 Qh5+ 0-1

[Event "AUTO-INT-1405"]
[Site "http://www.queenalice.com/game.php?id=632151"]
[Date "2009.8.7"]
[Round "1"]
[White "cafa83"]
[Black "Nelsonbento"]
[Result "1-0"]
[WhiteElo "1560"]
[BlackElo "1398"]

1. e4 e5 2. Nf3 Nf6 3. g3 g6 4. d3 d5 5. Nxe5 dxe4 6. Bg5 b5 7. Bg2 a5 8. Bxe4
Ra6 9. Qf3 Bg7 10. O-O Qd4 11. Qf4 Qxb2 12. Re1 Qxa1 13. Bc6+ Kf8 14. Bxf6 Nxc6
15. Bxg7+ Kxg7 16. Qxf7+ Kh6 17. Qf4+ g5 18. Qf6+ Kh5 19. Qxh8 Nxe5 20. Qxc8 Rc6
21. Qe8+ Rg6 22. d4 Qxd4 23. Rxe5 Qd1+ 24. Kg2 Qxc2 25. h3 Kh6 26. h4 Qxb1 27.
g4 Rd6 28. Qf8+ Kg6 29. h5# 1-0